Станции метро Коричневой ветки Москвы - Statistics

General Stats
  • This quiz has been taken 55 times
  • The average score is 9 of 12
Answer Stats
Answer % Correct
Киевская
90%
Курская
86%
Павелецкая
80%
Комсомольская
80%
Таганская
78%
Белорусская
78%
Парк Культуры
74%
Проспект Мира
74%
Октябрьская
72%
Добрынинская
72%
Новослободская
68%
Краснопресненская
62%
No matching quizzes found
Score Distribution
Percent of People with Each Score
Percentile by Number Answered
Your Score History
You have not taken this quiz